| 000 | 02026nam1a2200337 i 4500 | ||
|---|---|---|---|
| 001 | RU\NLR\bibl\1979770 | ||
| 005 | 20260406155805.0 | ||
| 035 | _a(NLR Aleph) 001968476 | ||
| 090 |
_a3922501 _c3922501 |
||
| 100 | _a20121217g20129999k y0rusy50 ca | ||
| 101 | 0 | _arus | |
| 102 | _aRU | ||
| 105 | _a||||z ||||| | ||
| 200 | 1 |
_aИммунопрофилактика у детей _eучебное пособие _fБаранов А.А., Намазова-Баранова Л.С., Галицкая М.Г. _gСоюз педиатров России [и др.] |
|
| 210 |
_aМосква _cПедиатрЪ _d2012 |
||
| 215 | _d24 | ||
| 225 | 1 |
_aБолезни детского возраста от А до Я _vвып. 1 |
|
| 300 | _aВ надзаг. также: Федер. гос. бюджет. учреждение Науч. центр здоровья детей РАМН, Гос. бюджет. образоват. учреждение высш. проф. образования Первый Моск. гос. мед. ун-т им. И.М. Сеченова, Педиатр. фак., Каф. аллергологии и клинич. иммунологии, Каф. педиатрии и дет. ревматологии | ||
| 463 | 0 | _10011884226 | |
| 606 |
_aИнфекционные болезни детей _jУчебные издания _xИммунопрофилактика _92129161 _3RU\NLR\auth\661588697 |
||
| 686 | _aР733.514-8я77 | ||
| 686 | _aР193.95я77 | ||
| 700 | 1 |
_4070 _7ca _8rus _aБаранов _bА. А. _cд-р мед. наук, педиатр _f1941- _gАлександр Александрович _9117875 _3RU\NLR\auth\777953 |
|
| 701 | 1 |
_4070 _7ca _8rus _aНамазова-Баранова _bЛ. С. _f1963- _gЛейла Сеймуровна _985135 _3RU\NLR\auth\77102209 |
|
| 701 | 1 |
_aГалицкая _bМ. Г. _gМарина Геннадьевна _4070 |
|
| 801 | 0 |
_aRU _bNLR _c20121217 _gRCR |
|
| 801 | 1 |
_aRU _bNLR _c20121217 |
|
| 852 |
_aNLR _j2012-7/1745 |
||
| 942 | _cBOOK | ||
| 980 | _aNBR | ||